000 00291nam a22001337a 4500
008 170127b xxu||||| |||| 00| 0 eng d
020 _a9780721602714
041 _aeng
080 _25TH
_a61
100 _a3
101 _aSHM
245 _a CLINICAL CALCULATIONS
_cKEE, J.L
942 _2udc
_cBK
999 _c3832
_d3832